Cities, networks, and global environmental governance : (Record no. 15333)

000 -LEADER
fixed length control field 01449cam a2200313 a 4500
001 - CONTROL NUMBER
control field 17468887
005 - DATE AND TIME OF LATEST TRANSACTION
control field 20170105102915.0
008 - FIXED-LENGTH DATA ELEMENTS--GENERAL INFORMATION
fixed length control field 120920s2013 nyuab b 001 0 eng
010 ## - LIBRARY OF CONGRESS CONTROL NUMBER
LC control number 2012035422
020 ## - INTERNATIONAL STANDARD BOOK NUMBER
International Standard Book Number 9780415537513 (hbk)
020 ## - INTERNATIONAL STANDARD BOOK NUMBER
International Standard Book Number 9780203106488 (ebk)
040 ## - CATALOGING SOURCE
Original cataloging agency DLC
Transcribing agency DLC
Modifying agency DLC
042 ## - AUTHENTICATION CODE
Authentication code pcc
050 00 - LIBRARY OF CONGRESS CALL NUMBER
Classification number HT241
Item number .B68 2013
082 00 - DEWEY DECIMAL CLASSIFICATION NUMBER
Classification number 307.76
Edition number 23
100 1# - MAIN ENTRY--PERSONAL NAME
Personal name Bouteligier, Sofie.
245 10 - TITLE STATEMENT
Title Cities, networks, and global environmental governance :
Remainder of title spaces of innovation, places of leadership /
Statement of responsibility, etc. Sofie Bouteligier.
260 ## - PUBLICATION, DISTRIBUTION, ETC.
Place of publication, distribution, etc. New York :
Name of publisher, distributor, etc. Routledge,
Date of publication, distribution, etc. 2013.
300 ## - PHYSICAL DESCRIPTION
Extent xix, 240 p. :
Other physical details ill., maps ;
Dimensions 24 cm.
490 0# - SERIES STATEMENT
Series statement Cities and global governance
504 ## - BIBLIOGRAPHY, ETC. NOTE
Bibliography, etc. note Includes bibliographical references (p. [209]-235) and index.
505 0# - FORMATTED CONTENTS NOTE
Formatted contents note Introduction -- City networks for global environmental governance -- Networks, global cities, and environmental flows -- Methodology -- City networks and innovative global environmental governance -- City networks and conventional global environmental governance -- Conclusion: a networked urban world as vehicle for environmental sustainability.
650 #0 - SUBJECT ADDED ENTRY--TOPICAL TERM
Topical term or geographic name entry element Urban ecology (Sociology)
650 #0 - SUBJECT ADDED ENTRY--TOPICAL TERM
Topical term or geographic name entry element Globalization
General subdivision Environmental aspects.
650 #0 - SUBJECT ADDED ENTRY--TOPICAL TERM
Topical term or geographic name entry element Cities and towns.
906 ## - LOCAL DATA ELEMENT F, LDF (RLIN)
a 7
b cbc
c orignew
d 1
e ecip
f 20
g y-gencatlg
942 ## - ADDED ENTRY ELEMENTS (KOHA)
Source of classification or shelving scheme
Koha item type Book
Holdings
Withdrawn status Lost status Damaged status Not for loan Collection code Permanent Location Current Location Shelving location Date acquired Total Checkouts Full call number Barcode Date last seen Price effective from Koha item type
          Centre for International Peace & Stability (CIPS) Centre for International Peace & Stability (CIPS) General Stacks 10/02/2013   307.76 BOU 2013 CIPS0001964 11/27/2013 11/27/2013 Book
© 2023 Central Library, National University of Sciences and Technology. All Rights Reserved.